Artists by Works - Picture quiz - Statistics

General Stats
  • This quiz has been taken 968 times
  • The average score is 9 of 15
Answer Stats
Picture Hint Answer % Correct
(Adele Bloch-Bauer I) Gustav Klimt
88%
(De Nachtwacht) Rembrandt
86%
(Meisje met de parel) Johannes Vermeer
85%
(Le Penseur) Auguste Rodin
78%
(Pietà) Michelangelo Buonarroti
78%
(Rain, Steam and Speed) William Turner
72%
(Het gele huis) Vincent Van Gogh
71%
(El Tres de Mayo) Francisco de Goya
70%
(Les Coquelicots) Claude Monet
66%
(Primavera) Sandro Botticelli
63%
(Crocifissione di San Pietro) Caravaggio
43%
(Fontaine) Marcel Duchamp
42%
(Les joueurs de cartes) Paul Cézanne
37%
(Retrato del Papa Inocencio X) Diego Velázquez
23%
(Livet dans) Edvard Munch
21%
No matching quizzes found
Score Distribution
Percent of People with Each Score
Percentile by Number Answered
Your Score History
You have not taken this quiz